Every Survivor Contestant (S41-48) - Statistics

General Stats
  • This quiz has been taken 170 times
    43 since last reset
  • The average score is 108 of 144
Answer Stats
Season Contestant No. Times of Played Number of Wins % Correct
J. Maya 1
100%
Austin Li Coon 1
96%
Dee Valladares 1 1
96%
Eva Erickson 1
96%
Helen Li 1
96%
Joe Hunter 1
96%
Andy Rueda 1
91%
Survivor 44 Bruce Perreault 1 | 2
91%
Carolyn Wiger 1
91%
Charlie Davis 1
91%
Survivor 46 David Jelinsky 1
91%
Drew Basile 1
91%
Emily Flippen 1
91%
Survivor 47 Jon Lovett 1
91%
Julie Alley 1
91%
Kenzie Petty 1 1
91%
Kyle Fraser 1 1
91%
Kyle Ostwald 1
91%
Maryanne Oketch 1 1
91%
Marya Sherron 1
91%
Mary Zheng 1
91%
Mike Gabler 1 1
91%
Mike Turner 1
91%
Owen Knight 1
91%
Rachel LaMont 1 1
91%
Sam Phalen 1
91%
Shan Smith 1
91%
Xander Hastings 1
91%
Yam Yam Arocho 1 1
91%
Ben Katzman 1
87%
Carson Garrett 1
87%
Cassidy Clark 1
87%
Erika Casupanan 1 1
87%
Genevieve Mushaluk 1
87%
Heidi Lagares-Greenblatt 1
87%
Jake O'Kane 1
87%
Jessica Chong 1
87%
Jonathan Young 1
87%
Kaleb Gebrewold 1
87%
Kamilla Karthigesu 1
87%
Maria Shrime Gonzalez 1
87%
Q Burdette 1
87%
Ricard Foye 1
87%
Rome Cooney 1
87%
Sue Smey 1
87%
Tiffany Nicole Ervin 1
87%
Tiffany Seely 1
87%
Cody Assenmacher 1
83%
Danny Massa 1
83%
Danny McCray 1
83%
David Kinne 1
83%
David Voce 1
83%
Deshawn Radden 1
83%
Survivor 45 Hannah Rose 1
83%
Heather Aldret 1
83%
Hunter McKnight 1
83%
Karla Cruz Godoy 1
83%
Katurah Topps 1
83%
Teeny Chirichillo 1
83%
Venus Vafa 1
83%
Bhanu Gopal 1
78%
Brando Meyer 1
78%
Caroline Vidmar 1
78%
Frannie Marin 1
78%
Jesse Lopez 1
78%
Justin Pioppi 1
78%
Kellie Nalbandian 1
78%
Liz Wilcox 1
78%
Matt Blankinship 1
78%
Mitch Guerra 1
78%
Omar Zaheer 1
78%
Romeo Escobar 1
78%
Sai Hughley 1
78%
Sara Wilson 1
78%
Sierra Wright 1
78%
Soda Thompson 1
78%
Tevin Davis 1
78%
Brandon Cottom 1
74%
Brandon Donlon 1
74%
Kendra McQuarrie 1
74%
Liana Wallace 1
74%
Moriah Gaynor 1
74%
Sean Edwards 1
74%
Shauhin Davari 1
74%
Sifu Alsup 1
74%
Anika Dhar 1
70%
Charity Nelms 1
70%
Evvie Jagoda 1
70%
Gabe Ortis 1
70%
Genie Chen 1
70%
Josh Wilder 1
70%
Lauren Harpe 1
70%
Sabiyah Broderick 1
70%
Sol Yi 1
70%
Star Toomey 1
70%
Thomas Krottinger 1
70%
Tim Spicer 1
70%
Tori Meehan 1
70%
Aysha Welch 1
65%
Bianca Roses 1
65%
Cedrek McFadden 1
65%
Survivor 42 Jackson Fox 1
65%
JD Robinson 1
65%
Kevin Leung 1
65%
Kishan Patel 1
65%
Lindsay Carmine 1
65%
Lindsay Dolashewich 1
65%
Randen Montalvo 1
65%
Sarah Wade 1
65%
Brad Reese 1
61%
Survivor 41 Eric Abraham 1
61%
Hai Giang 1
61%
Jem Hussain-Adams 1
61%
Naseer Muttalif 1
61%
Noelle Lambert 1
61%
Rocksroy Bailey 1
61%
Zach Wurtenberger 1
61%
Chrissy Sarnowsky 1
57%
Dwight Moore 1
57%
Elie Scott 1
57%
Jaime Lynn Ruiz 1
57%
Matthew Grinstead-Mayle 1
57%
Survivor 48 Stephanie Berger 1
57%
Sydney Segal 1
57%
Tiyana Hallums 1
57%
TK Foster 1
57%
Chanelle Howell 1
52%
Drea Wheeler 1
52%
Geo Bustamante 1
52%
James Jones 1
52%
Jeanine Zheng 1
52%
Kane Fritzler 1
52%
Survivor 43 Morriah Young 1
52%
Nneka Ejere 1
52%
Sami Layadi 1
52%
Swati Goel 1
52%
Jenny Kim 1
48%
Maddy Pomilla 1
48%
Ryan Medrano 1
48%
Justine Brennan 1
43%
Daniel Strunk 1
39%
Lydia Meredith 1
39%
Claire Rafson 1
35%
No matching quizzes found
Score Distribution
Percent of People with Each Score
Percentile by Number Answered
Your Score History
You have not taken this quiz since the last reset